Statistics for Sudan Country Quiz

Click here to take the quiz!

General Stats

  • This quiz has been taken 10,060 times
    (9,980 since last reset)
  • The average score is 18 of 21

Answer Stats

ClueAnswer% Correct
Bordering countrySouth Sudan
98%
Bordering countryEgypt
98%
Dominant religionIslam
97%
Longest riverNile
97%
Desert that covers most of SudanSahara
96%
Bordering countryChad
95%
Bordering countryEthiopia
95%
Bordering countryEritrea
94%
Sudan has the highest number of
this type of ancient structure, even
more than its northern neighbor
Pyramid
93%
Official languageArabic
92%
Bordering countryLibya
92%
Sudan has the third-highest
population of this desert animal
Camel
90%
Sea that Sudan bordersRed Sea
90%
Capital cityKhartoum
87%
Bordering countryCentral African
Republic
83%
Official languageEnglish
77%
Main tributaries of the aboveBlue Nile
73%
Main tributaries of the aboveWhite Nile
68%
Region whose 21st century conflict
has been called a genocide
Darfur
60%
Name for the historical region of
Northern Sudan
Nubia
51%
Biggest city by that seaPort Sudan
31%

Score Distribution

Percentile by Number Answered

Percent of People with Each Score

Your Score History

You have not taken this quiz since the last reset